Представление документа в формате MARC21

Поле Инд. ПП Название Значение
Тип записи a
Библиографический уровень b
001 Контрольный номер 8877fddc05314b65a5571ed959c1935d
005 Дата корректировки 20250923095456.9
024 80 a Стандартный номер 10.1016/j.jallcom.2025.182962
040 a Служба первич. каталог. Scopus
041 0_ a Код языка текста eng
097 a Костяева О.Г.
100 1_ a Автор Chiriac T.
100 1_ a Автор Rudi L.
100 1_ a Автор Vershinina T. N.
c Титул (звания) ; кандидат физико-математических наук; доцент (должность);
i Z2021_04
j Принадлежность неизвестного автора к последователям, ученикам, сторонникам, школе и т. д. государственный университет "Дубна"
k Кафедра нанотехнологий и новых материалов; Факультет естественных и инженерных наук
q Полное имя Вершинина Татьяна Николаевна
u Дополнение Вершинина Т. Н.
100 1_ a Автор Yerzhanov B.
100 1_ a Автор Palacheva V. V.
100 1_ a Автор Hao Wang
100 1_ a Автор Lu N. L.
100 1_ a Автор He L. H.
100 1_ a Автор Balagurov A. M.
c Титул (звания) профессор (ученое звание); доктор физико-математических наук; профессор (должность);
i 100093204
g Прочие сведения РИНЦ AuthorID: 307 (http://elibrary.ru/author_profile.asp?id= 307); SPIN-код: 9097-4000 (http://elibrary.ru/author_items.asp?authorid=307); Scopus Author ID: 7006758479 (https://www.scopus.com/authid/detail.uri?origin=resultslist&authorId=7006758479&zone=)
k Кафедра нанотехнологий и новых материалов; Факультет естественных и инженерных наук
q Полное имя Балагуров Анатолий Михайлович
u Дополнение Балагуров А. М.; Balagurov Anatoly M.
100 1_ a Автор Golovin I. S.
245 10 a Заглавие Influence of initial state and heating rate on phase transformation in Fe66Ga34 alloy
513 a передано и. о. проректора по научной работе и инновациям
b 15.09.2025
773 18 t Название источника Journal of Alloys and Compounds
b Сведения об издании Elsevier Science Publishing Company, Inc.
c Switzerland
x ISSN 0925-8388
d Место и дата издания 2025
m Специф. данные входит в Белый список; входит в Scopus;входит в WoS;входит в ядро РИНЦ;зарубежный журнал;ненулевой импакт-фактор
o Прочие индексы scopus 1.11
q У1 Белый список
w Контрольный № источника d607d70adecc4e6caf03c4662730288a
g Прочая информация V. 1039. - P. 182962
p J. Alloy. Compd.
901 t Тип документа b
952 c Вид литературы статья в журнале